Environmental Impact of Power Generation

Na minha lista:
Detalhes bibliográficos
Main Authors: Hester, R.E (Author), Harrison, R. M. (Author)
Formato: Livro
Idioma:inglês
Publicado em: Cambridge : Royal Society of Chemistry, 1999
Tags: Adicionar Tag
Sem tags, seja o primeiro a adicionar uma tag!

MARC

LEADER 00000nam a22000003a 4500
001 stu58383
005 20150617225654.4
008 010622s1999----uk------------------eng-d
020 |a 0-85404-250-4 
040 |a STU  |b slo 
041 0 |a eng 
044 |a uk 
080 |a 502.55 
100 1 |a Hester, R.E.  |4 aut 
245 1 |a Environmental Impact of Power Generation 
260 |a Cambridge :  |b Royal Society of Chemistry,  |c 1999 
300 |a 135 s. Obr.,tab.,grafy,lit.,index 
500 |a Issues in Environmental Science and Technology 11 
700 1 |a Harrison, R. M.  |4 aut 
996 |b C96638  |c C*96638  |l CCXXVI  |s P  |a 0  |w stu58383_0001